00345 a2200109 4500001001000000005001700010008004100027245005200068100002700120773007100147999001700218ART_4678520260410162000.0260409a 10a¿Por qué aún necesitamos al Banco Mundial?1 aZoellick, Robert Bruce0 tArchivos del presenteg- Año 16, Nº 57/58 (ene. 2012)wREV28180 c31171d31171